000 00205nam a22000857a 4500
008 160630b xxu||||| |||| 00| 0 eng d
100 _91629
_a Gupta, P
245 _aThe Ugly Duckling
260 _aN.D
_bM/S Arya
999 _c1351
_d1351